<?xml version="1.0" encoding="UTF-8"?>
<record
    xmlns:xsi="http://www.w3.org/2001/XMLSchema-instance"
    xsi:schemaLocation="http://www.loc.gov/MARC21/slim http://www.loc.gov/standards/marcxml/schema/MARC21slim.xsd"
    xmlns="http://www.loc.gov/MARC21/slim">

  <leader>05517nab a2200337 i 4500</leader>
  <controlfield tag="003">BR-BrBNA</controlfield>
  <controlfield tag="005">20260107180406.0</controlfield>
  <controlfield tag="008">260107b2022    bl.|r|pooa||| 00| 0 eng |</controlfield>
  <datafield tag="040" ind1=" " ind2=" ">
    <subfield code="a">BR-BrBNA</subfield>
    <subfield code="b">eng</subfield>
  </datafield>
  <datafield tag="072" ind1=" " ind2=" ">
    <subfield code="a">F01</subfield>
    <subfield code="b">0716</subfield>
  </datafield>
  <datafield tag="072" ind1=" " ind2=" ">
    <subfield code="a">U10</subfield>
  </datafield>
  <datafield tag="100" ind1=" " ind2=" ">
    <subfield code="a">Fernandes, Jaqueline Gon&#xE7;alves </subfield>
  </datafield>
  <datafield tag="100" ind1=" " ind2=" ">
    <subfield code="a">Silva, &#xC9;dipo Menezes da </subfield>
  </datafield>
  <datafield tag="100" ind1=" " ind2=" ">
    <subfield code="a">Ribeiro, Thais Destefani </subfield>
  </datafield>
  <datafield tag="100" ind1=" " ind2=" ">
    <subfield code="a">Silva, Edilson Marcelino </subfield>
  </datafield>
  <datafield tag="100" ind1=" " ind2=" ">
    <subfield code="a">Fernandes, Tales Jesus </subfield>
  </datafield>
  <datafield tag="100" ind1=" " ind2=" ">
    <subfield code="a">Muniz,  Joel Augusto </subfield>
  </datafield>
  <datafield tag="245" ind1=" " ind2=" ">
    <subfield code="a">Description of the peach fruit growth curve  by diphasic sigmoidal nonlinear models</subfield>
  </datafield>
  <datafield tag="500" ind1=" " ind2=" ">
    <subfield code="a">
Publica&#xE7;&#xE3;o online; 34 ref.; 4 tables; 3 illus.; Summaries (En, Pt)</subfield>
  </datafield>
  <datafield tag="520" ind1=" " ind2=" ">
    <subfield code="a">


Abstract-     The aim of this study was to describe the growth curve of &#x201C;Aurora 1&#x201D; peaches using fruit height and diameter data over time through diphasic sigmoidal models constructed from eight combinations of the following models: Brody, Gompertz and Logistic. Data were obtained from an experiment carried out in 2005 in the municipality of Vista Alegre do Alto, S&#xE3;o Paulo, Brazil. The parameters of models were adjusted by the least squares method using the Gauss-Newton algorithm implemented in the R software. Assumptions of normality, homogeneity and independence of residues were verified based on Shapiro-Wilk, Breush and Pagan and Durbin-Watson tests, respectively. The goodness of fit of models was verified according to the corrected Akaike information criterion (AICc), residual standard deviation (RSD), asymptote adjustment index (AI) and nonlinearity measures. All models adjusted for both fruit height and diameter variables met the assumptions of normality, independence and homoscedasticity of errors. In addition, all of them present good quality of fit to fruit height and diameter data, since they presented AI values close to one and low RSD values and non-linearity measures. However, the double Gompertz (GG) and the Logistic + Gompertz (LG) models presented, respectively, the best quality of fit to fruit height and diameter data in relation to the other models. It could be concluded that all diphasic sigmoidal models evaluated showed good fit to height and diameter data and can be used to describe the growth curve of &#x201C;Aurora-1&#x201D; peaches, according to goodness of fit criteria. However, it is important to highlight that GG and LG models presented the best quality of fit and can be selected to describe the height and diameter growth of &#x201C;Aurora 1&#x201D; peach fruits, respectively, with maximum expected growth close to 63 mm in height and 48 mm in diameter.



Index terms:       Peach Growth, Double Gompertz Model, Logistics + Gompertz Model, Double Sigmoidal Model</subfield>
  </datafield>
  <datafield tag="520" ind1=" " ind2=" ">
    <subfield code="a">


Resumo -      Objetivou-se descrever a curva de crescimento de p&#xEA;ssegos &#x201C;Aurora 1&#x201D;, utilizando dados de altura e di&#xE2;metro do fruto ao longo do tempo, atrav&#xE9;s de modelos sigmoidais dif&#xE1;sicos contru&#xED;dos a partir de oito combina&#xE7;&#xF5;es dos modelos: Brody, Gompertz e Log&#xED;stico. Os dados deste estudo foram obtidos de um experimento realizado em 2005, no munic&#xED;pio de Vista Alegre do Alto, S&#xE3;o Paulo, Brasil. Os par&#xE2;metros dos modelos foram ajustados pelo m&#xE9;todo de m&#xED;nimos quadrados, utilizando o algoritmo de Gauss-Newton, implementados no software R. Os pressupostos de normalidade, homogeneidade e independ&#xEA;ncia dos res&#xED;duos foram verificados com base nos testes de Shapiro-Wilk, Breush e Pagan e Durbin-Watson, respectivamente. A compara&#xE7;&#xE3;o dos ajustes dos modelos foi verificada de acordo com o crit&#xE9;rio de informa&#xE7;&#xE3;o de Akaike corrigido (AICc), desvio padr&#xE3;o residual (DPR), &#xED;ndice de ajuste da ass&#xED;ntota (IA) e medidas de n&#xE3;o linearidade. Todos os modelos ajustados para ambas as vari&#xE1;veis altura e di&#xE2;metro do fruto atenderam &#xE0;s pressuposi&#xE7;&#xF5;es de normalidade, independ&#xEA;ncia e homocedasticidade dos erros. Al&#xE9;m disso, todos eles apresentam boa qualidade de ajuste aos dados de altura e di&#xE2;metro do fruto, visto que apresentaram valores de IA pr&#xF3;ximos de um e baixos valores do DPR e de medidas de n&#xE3;o linearidade. Contudo, o modelo duplo Gompertz (GG) e o modelo Log&#xED;stico + Gompertz (LG) apresentaram, respectivamente, a melhor qualidade de ajuste aos dados de altura e di&#xE2;metro do fruto, em rela&#xE7;&#xE3;o aos demais modelos avaliados. Conclui-se que todos os modelos sigmoidais dif&#xE1;sicos avaliados apresentaram bom ajuste aos dados de altura e di&#xE2;metro e podem ser utilizados para a descri&#xE7;&#xE3;o da curva de crescimento de p&#xEA;ssegos &#x201C;Aurora-1&#x201D;, segundo os crit&#xE9;rios de qualidade de ajuste. No entanto, &#xE9; importante destacar que os modelos GG e LG apresentaram a melhor qualidade de ajuste e podem ser preferidos para descrever o crescimento em altura e di&#xE2;metro dos frutos de p&#xEA;ssego &#x201C;Aurora 1&#x201D;, respectivamente, com crescimento m&#xE1;ximo esperado pr&#xF3;ximos de 63 mm de altura e 48 mm de di&#xE2;metro.





Termos para indexa&#xE7;&#xE3;o: Crescimento de P&#xEA;ssego, Modelo Duplo Gompertz, Modelo Log&#xED;stico + Gompertz, Modelo Sigmoidal Duplo.</subfield>
  </datafield>
  <datafield tag="650" ind1=" " ind2=" ">
    <subfield code="a">P&#xCA;SSEGO</subfield>
  </datafield>
  <datafield tag="650" ind1=" " ind2=" ">
    <subfield code="a">CRESCIMENTO</subfield>
  </datafield>
  <datafield tag="650" ind1=" " ind2=" ">
    <subfield code="a">&#xC9;POCA DE COLHEITA</subfield>
  </datafield>
  <datafield tag="650" ind1=" " ind2=" ">
    <subfield code="a">MORFOLOGIA VEGETAL</subfield>
  </datafield>
  <datafield tag="650" ind1=" " ind2=" ">
    <subfield code="a">MODELO MATEM&#xC1;TICO</subfield>
  </datafield>
  <datafield tag="773" ind1="0" ind2=" ">
    <subfield code="0">805</subfield>
    <subfield code="9">317058</subfield>
    <subfield code="d">Jaboticabal-SP Sociedade Brasileira de Fruticultura 1978</subfield>
    <subfield code="o">2024-3620</subfield>
    <subfield code="t">Revista Brasileira de Fruticultura (Brazil)</subfield>
    <subfield code="x">0100-2945</subfield>
    <subfield code="g">v. 44(3) p. 1-10; (2022)</subfield>
    <subfield code="w">BR2025005407</subfield>
  </datafield>
  <datafield tag="856" ind1=" " ind2=" ">
    <subfield code="u">https://www.scielo.br/j/rbf/a/Y5fNRtYMXHfcVDpCjwGLSdd/?format=pdf&amp;lang=en</subfield>
  </datafield>
  <datafield tag="942" ind1=" " ind2=" ">
    <subfield code="c">ANA</subfield>
  </datafield>
  <datafield tag="999" ind1=" " ind2=" ">
    <subfield code="c">339761</subfield>
    <subfield code="d">339761</subfield>
  </datafield>
</record>
